[Event "Medellin Raza Cup"]
[Site "Medellin"]
[Date "2022.10.22"]
[Round "7"]
[White "Sanchez Ospina, William"]
[Black "Velez Alvarez, Laura Camila"]
[Result "0-1"]
[WhiteElo "1461"]
[BlackElo "1798"]
[PlyCount "60"]
[EventDate "2022.10.19"]
[EventType "swiss"]
[EventRounds "10"]
[EventCountry "COL"]
[SourceTitle "EXT 2024"]
[Source "ChessBase"]
[SourceDate "2023.10.10"]
[SourceVersion "1"]
[SourceVersionDate "2023.10.10"]
[SourceQuality "1"]

1. d4 Nf6 2. Bf4 g6 3. e3 Bg7 4. Nd2 0-0 5. Be2 d6 6. h4 c5 7. h5 Nc6 8. hxg6 fxg6 9. Ngf3 cxd4 10. exd4 Ng4 11. Be3 Bf5 12. c3 e5 13. Qb3+ d5 14. Qxb7 Rc8 15. Bg5 Qe8 16. Kf1 Rb8 17. Qa6 e4 18. Nh2 Bc8 19. Nxg4 Bxa6 20. Bxa6 Rxb2 21. a4 Qe6 22. Nh6+ Bxh6 23. Rxh6 Qf5 24. Be3 Rxd2 25. Be2 Rb2 26. g4 Qf7 27. Rc1 Na5 28. Rh2 Nc4 29. Bxc4 dxc4 30. Bh6 Rxf2+ 0-1

[Event "Medellin Raza Cup"]
[Site "Medellin"]
[Date "2022.10.19"]
[Round "2"]
[White "Sanchez Ospina, William"]
[Black "Molina Ballesteros, Juan Sebastian"]
[Result "0-1"]
[WhiteElo "1461"]
[BlackElo "1819"]
[PlyCount "92"]
[EventDate "2022.10.19"]
[EventType "swiss"]
[EventRounds "10"]
[EventCountry "COL"]
[SourceTitle "EXT 2024"]
[Source "ChessBase"]
[SourceDate "2023.10.10"]
[SourceVersion "1"]
[SourceVersionDate "2023.10.10"]
[SourceQuality "1"]

1. d4 Nf6 2. Bf4 e6 3. e3 b6 4. Nf3 Bb7 5. Bd3 Be7 6. Nbd2 d6 7. Qe2 Nbd7 8. Bg3 c5 9. c3 Nh5 10. e4 Rc8 11. 0-0 0-0 12. a4 Nxg3 13. fxg3 Bf6 14. e5 dxe5 15. dxe5 Nxe5 16. Nxe5 Bxe5 17. Rad1 Bf6 18. Nc4 Qe7 19. Ne5 g6 20. Ng4 Bg7 21. Qe3 Rfd8 22. Ne5 Bxe5 23. Qxe5 Rd5 24. Qe3 Rcd8 25. Be2 Rxd1 26. Bxd1 Qd7 27. h4 Qd2 28. Qe2 Qxe2 29. Bxe2 Rd2 30. Rf2 Rxb2 31. h5 Bc6 32. h6 Bxa4 33. Ba6 Rxf2 34. Kxf2 Kf8 35. Ke3 Bc6 36. Kf2 b5 37. g4 Ke7 38. g5 Kd6 39. Ke3 Kd5 40. Kf4 b4 41. cxb4 cxb4 42. Bd3 Kd4 43. Bb1 a5 44. g3 a4 45. g4 b3 46. Kg3 a3 0-1

[Event "Medellin Feria de las Flores op"]
[Site "Medellin"]
[Date "2022.08.07"]
[Round "8"]
[White "Lopez Guarin, Simon"]
[Black "Sanchez Ospina, William"]
[Result "1/2-1/2"]
[WhiteElo "1555"]
[BlackElo "1458"]
[PlyCount "34"]
[EventDate "2022.08.03"]
[EventType "swiss"]
[EventRounds "9"]
[EventCountry "COL"]
[SourceTitle "CBM 209 Extra"]
[Source "ChessBase"]
[SourceDate "2022.09.30"]
[SourceVersion "1"]
[SourceVersionDate "2022.09.30"]
[SourceQuality "1"]

1. Nf3 g6 2. g3 d6 3. d4 Bg7 4. Bg2 Nf6 5. 0-0 0-0 6. c4 Nc6 7. Nc3 Bf5 8. Bg5 h6 9. Bd2 Kh7 10. Qc1 Qd7 11. Rd1 Ne4 12. Nxe4 Bxe4 13. Ng5+ hxg5 14. Bxe4 Nxd4 15. Re1 Rab8 16. Bc3 Ne6 17. Bd2 g4 1/2-1/2

[Event "Medellin Feria de las Flores op"]
[Site "Medellin"]
[Date "2022.08.05"]
[Round "5"]
[White "Sanchez Ospina, William"]
[Black "Cardona, Marisol"]
[Result "1-0"]
[WhiteElo "1458"]
[BlackElo "1244"]
[PlyCount "37"]
[EventDate "2022.08.03"]
[EventType "swiss"]
[EventRounds "9"]
[EventCountry "COL"]
[SourceTitle "CBM 209 Extra"]
[Source "ChessBase"]
[SourceDate "2022.09.30"]
[SourceVersion "1"]
[SourceVersionDate "2022.09.30"]
[SourceQuality "1"]

1. d4 d5 2. Nf3 Nf6 3. Bf4 Bf5 4. e3 e6 5. a3 c6 6. Nc3 Bd6 7. Ne5 Nbd7 8. Bg3 Qc7 9. f4 Ne4 10. Bd3 Nxc3 11. bxc3 Bxd3 12. cxd3 c5 13. 0-0 f6 14. Qh5+ g6 15. Nxg6 0-0-0 16. Nxh8 Rxh8 17. Rfc1 c4 18. dxc4 Qxc4 19. Qf7 1-0

[Event "Medellin Aristizabal Cup"]
[Site "Medellin"]
[Date "2022.07.10"]
[Round "5"]
[White "Martinez, Mauricio"]
[Black "Sanchez Ospina, William"]
[Result "1-0"]
[WhiteElo "1898"]
[BlackElo "1463"]
[PlyCount "107"]
[EventDate "2022.07.08"]
[EventType "swiss"]
[EventRounds "7"]
[EventCountry "COL"]
[SourceTitle "CBM 209 Extra"]
[Source "ChessBase"]
[SourceDate "2022.09.30"]
[SourceVersion "1"]
[SourceVersionDate "2022.09.30"]
[SourceQuality "1"]

1. e4 d6 2. d4 Nf6 3. Bd3 g6 4. f3 Bg7 5. Be3 e5 6. dxe5 dxe5 7. Nc3 0-0 8. Qd2 Nc6 9. Bg5 Nb4 10. Rd1 c6 11. a3 Nxd3+ 12. Qxd3 Qb6 13. Bc1 Rd8 14. Qe3 Rxd1+ 15. Nxd1 Be6 16. Qxb6 axb6 17. Be3 Rd8 18. Kf2 Nd7 19. Ne2 Bf8 20. Ndc3 b5 21. Rd1 f5 22. Bc1 f4 23. g3 g5 24. g4 Be7 25. h3 Kg7 26. Kg2 h5 27. Kf2 hxg4 28. hxg4 Rh8 29. Kg2 Kg6 30. Rh1 Rh4 31. Rxh4 gxh4 32. Kh3 Kg7 33. Bd2 Nf8 34. Be1 Ng6 35. Nc1 Bc4 36. Nd3 Bxd3 37. cxd3 Kf7 38. Bf2 Bd8 39. b3 Kg7 40. a4 bxa4 41. bxa4 Be7 42. Bg1 c5 43. Nd5 Bd8 44. Nc3 Kf7 45. Nb5 Kg7 46. Nd6 Kf8 47. Nf5 Kf7 48. Bf2 Ke8 49. Bxh4 Bxh4 50. Nxh4 Ne7 51. g5 Kf7 52. Kg4 Nc6 53. g6+ Kg7 54. Kg5 1-0

[Event "Medellin U2000 op"]
[Site "Medellin"]
[Date "2022.05.21"]
[Round "4"]
[White "Morales, Luis Eduardo"]
[Black "Sanchez Ospina, William"]
[Result "0-1"]
[WhiteElo "1703"]
[BlackElo "1421"]
[PlyCount "111"]
[EventDate "2022.05.18"]
[EventType "swiss"]
[EventRounds "7"]
[EventCountry "COL"]
[SourceTitle "CBM 208 Extra"]
[Source "ChessBase"]
[SourceDate "2022.07.31"]
[SourceVersion "1"]
[SourceVersionDate "2022.07.31"]
[SourceQuality "1"]

1. e4 d6 2. d4 Nf6 3. Bd3 g6 4. f4 Bg7 5. Nf3 Bg4 6. h3 Bxf3 7. Qxf3 0-0 8. Be3 c6 9. Nd2 a5 10. 0-0 Na6 11. a3 Nd7 12. e5 dxe5 13. fxe5 e6 14. Qg4 c5 15. c3 Nxe5 16. Qe2 Nxd3 17. Qxd3 cxd4 18. cxd4 Nc7 19. Nf3 Nd5 20. Bg5 Qb6 21. Rf2 h6 22. Bh4 Rac8 23. Bg3 Ne7 24. Rd2 Rfd8 25. Bh4 Rd7 26. Bf2 Rd5 27. Rc2 Rc6 28. Re1 a4 29. Rec1 h5 30. Qe3 Nf5 31. Qf4 Rxc2 32. Rxc2 Qd6 33. Rc8+ Bf8 34. Ne5 Kg7 35. g4 hxg4 36. hxg4 Nh6 37. Be3 Kh7 38. g5 Nf5 39. Qh2+ Kg7 40. Qf4 Rxe5 41. dxe5 Qd1+ 42. Kf2 Qh1 43. Rc1 Qd5 44. Rc2 Qb3 45. Re2 b6 46. Bd4 Nxd4 47. Re3 Qxb2+ 48. Kf1 Bc5 49. Qf6+ Kg8 50. Qd8+ Bf8 51. Qf6 Qc1+ 52. Re1 Qxa3 53. Re2 Qf3+ 54. Qxf3 Nxf3 55. Rc2 Nxe5 56. Kg2 0-1

[Event "Medellin U2000 op"]
[Site "Medellin"]
[Date "2022.05.20"]
[Round "3"]
[White "Sanchez Ospina, William"]
[Black "Gomez Rondon, Samuel"]
[Result "0-1"]
[WhiteElo "1421"]
[BlackElo "1676"]
[PlyCount "74"]
[EventDate "2022.05.18"]
[EventType "swiss"]
[EventRounds "7"]
[EventCountry "COL"]
[SourceTitle "CBM 208 Extra"]
[Source "ChessBase"]
[SourceDate "2022.07.31"]
[SourceVersion "1"]
[SourceVersionDate "2022.07.31"]
[SourceQuality "1"]

1. d4 g6 2. Nf3 Nf6 3. Bf4 Bg7 4. e3 d6 5. c3 0-0 6. h3 Nbd7 7. Nbd2 b6 8. Bb5 Bb7 9. 0-0 a6 10. Bxd7 Qxd7 11. Re1 Rfe8 12. Qb3 c5 13. Qxb6 Rab8 14. Qa5 Bxf3 15. Nxf3 Rxb2 16. dxc5 Rb5 17. Qa4 Rxc5 18. Qxa6 Nd5 19. Rab1 Nxf4 20. exf4 Bxc3 21. Re2 Bf6 22. Ne1 Rec8 23. Nd3 Rc2 24. Rxc2 Rxc2 25. Rb8+ Kg7 26. a4 Bd4 27. Qa8 Qc6 28. a5 Rxf2 29. Qxc6 Rc2+ 30. Kf1 Rxc6 31. Rb4 Bc3 32. Ra4 Ra6 33. Nb4 Bxb4 34. Rxb4 Rxa5 35. Ke2 f5 36. g4 Ra3 37. gxf5 gxf5 0-1

[Event "Medellin U2000 op"]
[Site "Medellin"]
[Date "2022.05.18"]
[Round "1"]
[White "Sanchez Ospina, William"]
[Black "Betancur, Fredy"]
[Result "1-0"]
[WhiteElo "1421"]
[BlackElo "1937"]
[PlyCount "85"]
[EventDate "2022.05.18"]
[EventType "swiss"]
[EventRounds "7"]
[EventCountry "COL"]
[SourceTitle "CBM 208 Extra"]
[Source "ChessBase"]
[SourceDate "2022.07.31"]
[SourceVersion "1"]
[SourceVersionDate "2022.07.31"]
[SourceQuality "1"]

1. d4 Nf6 2. Bf4 e6 3. e3 c5 4. c3 Qb6 5. Qb3 Qxb3 6. axb3 Nc6 7. Nd2 Nh5 8. Bg3 Nxg3 9. hxg3 cxd4 10. exd4 b6 11. Bd3 h6 12. Ngf3 d6 13. Bb5 Bd7 14. Nc4 Nb8 15. Nxb6 Bxb5 16. Nxa8 Bc6 17. Rxa7 g5 18. 0-0 Be7 19. Nc7+ Kd8 20. Na6 Nxa6 21. Rxa6 Bb7 22. Ra7 Kc8 23. Rfa1 Kb8 24. Nd2 h5 25. R7a5 h4 26. g4 f5 27. gxf5 g4 28. fxe6 h3 29. d5 Rh5 30. Rb5 Kc8 31. c4 Kb8 32. Ne4 Re5 33. f3 Rf5 34. Rf1 Kc7 35. fxg4 h2+ 36. Kxh2 Rxf1 37. g5 Re1 38. Nf6 Re4 39. Ne8+ Kc8 40. g6 Rh4+ 41. Kg1 Rh8 42. Ng7 Bf6 43. Nf5 1-0

[Event "COL-ch U1700"]
[Site "Pereira"]
[Date "2022.02.18"]
[Round "4"]
[White "Sanchez Ospina, William"]
[Black "Ramirez, Cristian Camilo"]
[Result "0-1"]
[WhiteElo "1438"]
[BlackElo "1780"]
[PlyCount "95"]
[EventDate "2022.02.16"]
[EventType "swiss"]
[EventRounds "9"]
[EventCountry "COL"]
[SourceTitle "CBM 207 Extra"]
[Source "ChessBase"]
[SourceDate "2022.05.31"]
[SourceVersion "1"]
[SourceVersionDate "2022.05.31"]
[SourceQuality "1"]

1. d4 Nf6 2. Bf4 d5 3. Nf3 c5 4. c3 Nc6 5. e3 Qb6 6. Qb3 c4 7. Qc2 Bf5 8. Qc1 h6 9. Nbd2 Rc8 10. Be2 e6 11. 0-0 Be7 12. Ne5 Bh7 13. Re1 0-0 14. h3 Qd8 15. a4 Ne4 16. Nxe4 Bxe4 17. Bg4 Na5 18. Qd1 Nb3 19. Ra2 Bh4 20. Bf3 f6 21. Ng4 Bg5 22. Bg3 h5 23. Nh2 g6 24. Bxe4 dxe4 25. Qc2 Qd5 26. f3 f5 27. Be5 Be7 28. Qf2 Bd6 29. Qg3 Bxe5 30. Qxe5 Qxe5 31. dxe5 Rc5 32. f4 Rd8 33. Nf1 h4 34. Kf2 Rcd5 35. g3 hxg3+ 36. Kxg3 a5 37. Kh4 Kf7 38. Kg3 Rd1 39. Kf2 Rxe1 40. Kxe1 Rh8 41. Nd2 Nxd2 42. Kxd2 Rxh3 43. Ra3 Rh2+ 44. Kc1 Re2 45. b4 Ke7 46. Kd1 Rxe3 47. Kd2 Rf3 48. Ke2 0-1

[Event "Manizales op 27th"]
[Site "Manizales"]
[Date "2022.01.06"]
[Round "1"]
[White "Sanchez Ospina, William"]
[Black "Villamizar, Diego Fernando"]
[Result "0-1"]
[WhiteElo "1427"]
[BlackElo "1958"]
[PlyCount "72"]
[EventDate "2022.01.06"]
[EventType "swiss"]
[EventRounds "8"]
[EventCountry "COL"]
[SourceTitle "CBM 206 Extra"]
[Source "ChessBase"]
[SourceDate "2022.03.31"]
[SourceVersion "1"]
[SourceVersionDate "2022.03.31"]
[SourceQuality "1"]

1. d4 Nf6 2. Bf4 d6 3. Nf3 g6 4. e3 Bg7 5. h3 0-0 6. Bd3 b6 7. Nbd2 Bb7 8. 0-0 Nbd7 9. c3 Re8 10. Bb5 a6 11. Be2 e6 12. a4 a5 13. Bg5 h6 14. Bh4 Qe7 15. Rb1 e5 16. b4 g5 17. Bg3 Nd5 18. Qc2 axb4 19. cxb4 exd4 20. e4 Nc3 21. Rbe1 Rxa4 22. Bd3 Rxb4 23. Ra1 c5 24. Ra7 Bc6 25. Re1 Ra8 26. Rxa8+ Bxa8 27. Nc4 Ne5 28. Nfd2 Bc6 29. f4 gxf4 30. Bxf4 Ba4 31. Bxe5 Bxc2 32. Bxd6 Bxd3 33. Bxe7 Bxc4 34. Ra1 Ne2+ 35. Kf2 d3 36. Nf3 Bxa1 0-1

[Event "COL Subzt 2.3.4"]
[Site "Risarald"]
[Date "2021.11.26"]
[Round "6"]
[White "Hoyos, Robinson"]
[Black "Sanchez Ospina, William"]
[Result "0-1"]
[WhiteElo "1528"]
[BlackElo "1506"]
[PlyCount "60"]
[EventDate "2021.11.23"]
[EventType "swiss"]
[EventRounds "9"]
[EventCountry "COL"]
[SourceTitle "CBM 205 Extra"]
[Source "ChessBase"]
[SourceDate "2022.01.31"]
[SourceVersion "1"]
[SourceVersionDate "2022.01.31"]
[SourceQuality "1"]

1. e4 g6 2. d4 Bg7 3. Nf3 c6 4. b3 d5 5. e5 Bg4 6. Be2 f6 7. h3 Bxf3 8. Bxf3 fxe5 9. c3 Nd7 10. Be3 e4 11. Bg4 Ngf6 12. Nd2 0-0 13. b4 e5 14. Nb3 b6 15. a4 Qe7 16. g3 Ne8 17. Rc1 Nd6 18. a5 Nc4 19. 0-0 Kh8 20. h4 h5 21. Be2 Nxe3 22. fxe3 Rxf1+ 23. Bxf1 Rf8 24. Bg2 Bh6 25. Qe2 Nf6 26. Rf1 Ng4 27. Rxf8+ Qxf8 28. Kh1 Bxe3 29. dxe5 Qf5 30. Bh3 Nf2+ 0-1

[Event "Medellin de Segunda Cat. Antioquia"]
[Site "Medellin"]
[Date "2014.03.28"]
[Round "7.10"]
[White "Sanchez Ospina, William"]
[Black "Soto, Miguel Angel"]
[Result "0-1"]
[WhiteElo "1690"]
[BlackElo "1665"]
[PlyCount "40"]
[EventDate "2014.03.19"]
[EventType "swiss"]
[EventRounds "7"]
[EventCountry "COL"]
[SourceTitle "EXT 2024"]
[Source "ChessBase"]
[SourceDate "2023.10.10"]
[SourceVersion "1"]
[SourceVersionDate "2023.10.10"]
[SourceQuality "1"]

1. c4 c6 2. Nc3 Nf6 3. Nf3 e6 4. g3 Be7 5. Bg2 0-0 6. 0-0 d5 7. b3 Nbd7 8. Qc2 b6 9. Bb2 Bb7 10. d4 c5 11. e3 Rc8 12. Nd2 Qc7 13. Nb5 Qb8 14. a4 Rfd8 15. Ba3 Bf8 16. f4 cxd4 17. Bxf8 Nxf8 18. exd4 a6 19. Na3 dxc4 20. bxc4 Rxd4 0-1

[Event "Medellin de Segunda Cat. Antioquia"]
[Site "Medellin"]
[Date "2014.03.20"]
[Round "2.6"]
[White "Miranda, Jorge"]
[Black "Sanchez Ospina, William"]
[Result "1-0"]
[WhiteElo "1933"]
[BlackElo "1690"]
[PlyCount "67"]
[EventDate "2014.03.19"]
[EventType "swiss"]
[EventRounds "7"]
[EventCountry "COL"]
[SourceTitle "EXT 2024"]
[Source "ChessBase"]
[SourceDate "2023.10.10"]
[SourceVersion "1"]
[SourceVersionDate "2023.10.10"]
[SourceQuality "1"]

1. e4 d6 2. d4 g6 3. Nf3 Bg7 4. Nc3 Nf6 5. Bc4 0-0 6. Bb3 Bg4 7. h3 Bxf3 8. Qxf3 Nc6 9. Be3 e5 10. d5 Na5 11. g4 a6 12. Bg5 b5 13. h4 h6 14. Be3 Nd7 15. h5 g5 16. 0-0 Qf6 17. Qg2 Rac8 18. Ne2 Nc4 19. Bxc4 bxc4 20. Ng3 Rb8 21. b3 Nb6 22. Nf5 a5 23. Rfb1 Rfc8 24. Qf1 cxb3 25. axb3 Ra8 26. Qb5 Qd8 27. Rxa5 Rxa5 28. Qxa5 Ra8 29. Qc3 Qd7 30. Ra1 Rxa1+ 31. Qxa1 Qb5 32. Bxb6 cxb6 33. Qa8+ Kh7 34. Ne7 1-0

[Event "COL-ch sf"]
[Site "Medellin"]
[Date "2014.??.??"]
[Round "3"]
[White "Castro, Lennin David"]
[Black "Sanchez Ospina, William"]
[Result "1-0"]
[WhiteElo "1919"]
[BlackElo "1711"]
[PlyCount "89"]
[EventDate "2014.04.15"]
[EventType "swiss"]
[EventRounds "11"]
[EventCountry "COL"]
[SourceTitle "CBM 160 Extra"]
[Source "ChessBase"]
[SourceDate "2014.07.01"]
[SourceVersion "1"]
[SourceVersionDate "2014.07.01"]
[SourceQuality "1"]

1. d4 Nf6 2. Nf3 e6 3. a3 b6 4. c4 g6 5. Nc3 Bg7 6. e3 0-0 7. Bd3 d5 8. 0-0 Ba6 9. Ne5 dxc4 10. Nxc4 Nbd7 11. b4 Nd5 12. Nxd5 exd5 13. Ne5 Bxd3 14. Nxd3 Rc8 15. Bb2 c5 16. dxc5 bxc5 17. Bxg7 Kxg7 18. bxc5 Nxc5 19. Rc1 Nxd3 20. Qxd3 Rxc1 21. Rxc1 Qa5 22. Qd4+ Kg8 23. a4 Rb8 24. g3 a6 25. Kg2 h5 26. Rc5 Qb6 27. Rxd5 Qb7 28. e4 f5 29. Rd8+ Rxd8 30. Qxd8+ Kh7 31. Qd5 Qc8 32. e5 Kg7 33. a5 Qc7 34. h4 Qc8 35. e6 Kf6 36. Qd7 Qxd7 37. exd7 Ke7 38. Kf3 Kxd7 39. Kf4 Ke6 40. Kg5 Kf7 41. Kh6 Kf6 42. Kh7 Kf7 43. f4 Kf6 44. Kg8 Ke7 45. Kg7 1-0

[Event "Antioquia Region-ch Seniors"]
[Site "Medellin"]
[Date "2011.07.??"]
[Round "6.12"]
[White "Sanchez Ospina, William"]
[Black "Ferrer, Carlos Mario"]
[Result "1-0"]
[WhiteElo "1564"]
[BlackElo "1459"]
[PlyCount "65"]
[EventDate "2011.07.18"]
[EventType "tourn"]
[EventRounds "7"]
[EventCountry "COL"]
[SourceTitle "EXT 2024"]
[Source "ChessBase"]
[SourceDate "2023.10.10"]
[SourceVersion "1"]
[SourceVersionDate "2023.10.10"]
[SourceQuality "1"]

1. d4 d5 2. c4 dxc4 3. Nc3 Bf5 4. e4 Bg6 5. Bxc4 e6 6. a3 a6 7. Nf3 b5 8. Bd3 Bh5 9. Be3 Bxf3 10. Qxf3 Nd7 11. 0-0 Ngf6 12. Rfd1 Be7 13. e5 Ng8 14. Be4 Rc8 15. Bb7 Rb8 16. Bxa6 f6 17. Bxb5 f5 18. d5 exd5 19. Qxf5 Nh6 20. Bxh6 Rf8 21. Qh5+ g6 22. Qe2 Rf7 23. e6 Rf5 24. Bxd7+ Qxd7 25. exd7+ Kxd7 26. Nxd5 Bc5 27. Ne3+ Bd6 28. Nxf5 gxf5 29. Bf4 Kc6 30. Rac1+ Kd7 31. Bxd6 cxd6 32. Qe5 Re8 33. Rxd6# 1-0

[Event "Medellin Amateur op"]
[Site "Medellin"]
[Date "2011.04.23"]
[Round "7.21"]
[White "Sanchez Ospina, William"]
[Black "Betancur, Juan Carlos"]
[Result "0-1"]
[WhiteElo "1582"]
[BlackElo "1600"]
[PlyCount "42"]
[EventDate "2011.04.20"]
[EventType "swiss"]
[EventRounds "9"]
[EventCountry "COL"]
[SourceTitle "EXT 2024"]
[Source "ChessBase"]
[SourceDate "2023.10.10"]
[SourceVersion "1"]
[SourceVersionDate "2023.10.10"]
[SourceQuality "1"]

1. d4 c6 2. Nf3 d5 3. h3 Nf6 4. c3 Bf5 5. Nh4 Bxb1 6. Rxb1 e6 7. Bg5 Be7 8. Bxf6 Bxf6 9. Nf3 Nd7 10. e3 e5 11. Be2 e4 12. Nd2 0-0 13. 0-0 Be7 14. c4 Bd6 15. f4 f5 16. cxd5 cxd5 17. Qb3 Nb6 18. Rbc1 Rf6 19. a4 a5 20. Bb5 Bb4 21. Rc2 Rc8 0-1